| 000 | 01073cam a2200205 4500 | ||
|---|---|---|---|
| 001 | WB4007-17 | ||
| 008 | 040217n2004 000 0 eng u | ||
| 035 | _a(Sirsi) u125167 | ||
| 245 | _aSurvey uncovers value of communities | ||
| 260 | _c2004 | ||
| 490 |
_aNational Housing Federation Press Release _v 5 February 2004 (3) |
||
| 520 | _aResearch commissioned by the National Housing Federation found that people in the UK believe that communities and their facilities are as important important in a child's upbringing as home life itself. The survey also revealed what people thought made a good neighbourhood. Among the aspects considered were open spaces and access to towns and shops. The "Neighbourhoods survey" can be viewed at http://www.housing.org.uk/uploads/documents/10/pol l_data.pdf. NHF press release http://www.housing.org.uk/uploads/documents/2/ICM_ national_poll_release.htm | ||
| 590 | _aWB | ||
| 590 | _aWB | ||
| 650 | _aLOCAL COMMUNITIES | ||
| 650 | _aCOMMUNITY FACILITIES | ||
| 650 | _aOPEN SPACES | ||
| 690 | _aREGENERATION | ||
| 942 | _n0 | ||
| 999 |
_c117028 _d117028 |
||